| 000 | 01103pam a2200277 a 4500 | ||
|---|---|---|---|
| 999 |
_c18812 _d18812 |
||
| 001 | 4397236 | ||
| 005 | 20170114093734.0 | ||
| 008 | 921005s1992 enka b 001 0 eng | ||
| 010 | _a 92037353 | ||
| 020 | _a0750700564 (HC : acidfree paper) | ||
| 020 | _a0750700572 (SC : acidfree paper) | ||
| 040 |
_aDLC _cDLC _dDLC |
||
| 050 | 0 | 0 |
_aNX280 _b.B47 1992 |
| 100 | 1 | _aBest, David. | |
| 245 | 1 | 4 |
_aThe rationality of feeling : _bunderstanding the arts in education / _cDavid Best. |
| 260 |
_aLondon ; _aWashington, D.C. : _bFalmer Press, _c1992. |
||
| 300 |
_axvii, 211 p. : _bill. ; _c25 cm. |
||
| 440 | 4 | _aThe Falmer Press library of aesthetic education | |
| 504 | _aIncludes bibliographical references (p. 204-207) and index. | ||
| 650 | 0 |
_aArts _xStudy and teaching. |
|
| 942 |
_2lcc _cBOOKS _hNX280 .B47 1992 |
||